[Event "45th Olympiad 2024"]
[Site "Budapest HUN"]
[Date "2024.09.12"]
[Round "2.29"]
[Board "3"]
[White "Laurusas, Tomas"]
[Black "Hommadov, Amanmuhammet"]
[Result "1-0"]
[WhiteElo "2569"]
[BlackElo "2181"]
[PlyCount "93"]
[EventDate "2024.09.11"]
[WhiteTeam "Lithuania"]
[BlackTeam "Turkmenistan"]
[WhiteTeamCountry "LTU"]
[BlackTeamCountry "TKM"]

1. d4 Nf6 2. c4 g6 3. Nc3 Bg7 4. e4 O-O 5. Nf3 d6 6. Bd3 Bg4 7. Be2 Bxf3 ({RR} 7... e5 8. d5 a5 9. Be3 Na6 10. Nd2 Bxe2 11. Qxe2 Nd7 12. g4 Ndc5 13. O-O-O Qd7 14. h4 Na4 15. Ndb1 h6 16. Nxa4 Qxa4 17. Nc3 Qd7 18. h5 g5 19. Kd2 c5 20. Ke1 Rfb8 21. Kf1 a4 22. Rb1 {½-½ Carlsen,M (2859)-Nakamura,H (2768) chess.com SpeedChess 2022 (4.12)}) 8. Bxf3 Nfd7 9. Be3 Nb6 $146 ({RR} 9... Nc6 10. O-O e5 11. d5 Ne7 12. Qd2 f5 13. Bh6 f4 14. Bxg7 Kxg7 15. b4 Nf6 16. Be2 h5 17. c5 Rh8 18. a4 g5 19. a5 g4 20. a6 b6 21. cxd6 cxd6 22. Nb5 Qd7 23. Rac1 Rac8 24. Qd3 {½-½ Mueller,R-Dueck,S (2112) Sachsen-ch U14 2002 (4)}) ({RR} 9... Nc6 10. d5 Na5 11. Be2 Nb6 12. Bd4 Bxd4 13. Qxd4 c5 14. dxc6 e5 15. Qe3 bxc6 16. c5 dxc5 17. Qxc5 Nd7 18. Qa3 Nb7 19. Rd1 Qe8 20. Na4 Nb6 21. Nc5 Nxc5 22. Qxc5 Qe6 23. b3 Rfd8 24. O-O {½-½ Krstulovic,A (2414)-Baidetskyi,V (2497) Mitropa Cup 2024 (6.1)}) ({RR} 9... Nc6 10. d5 Na5 11. Be2 Nb6 12. Bd4 Bxd4 13. Qxd4 c5 14. dxc6 e5 15. Qd2 bxc6 16. b3 Nb7 17. h4 Qe7 18. h5 Nc5 19. Rd1 Rad8 20. b4 Ne6 21. b5 cxb5 22. cxb5 Nd4 23. a4 d5 24. hxg6 {½-½ Pham Tran Gia Phuc (2384)-Chandra,A (2486) Qatar Masters Open 2023 (3.57)}) 10. Be2 Nc6 11. O-O Na5 12. b3 c5 13. Rc1 cxd4 14. Bxd4 Bh6 15. f4 e5 16. Be3 Bxf4 17. Bxf4 exf4 18. Rxf4 Nc6 19. Qd2 Qe7 20. Kh1 Rad8 21. Rcf1 f6 22. Bd3 Kg7 23. Rh4 Rd7 24. Bb1 Qe5 25. Nd5 Kg8 26. Rhf4 Rdf7 27. Qf2 Kg7 28. Rf3 Nc8 29. Rh3 Kh8 30. Rd1 Re8 31. Rf3 Kg7 32. b4 N8e7 33. a3 a5 34. Nc7 Rd8 35. b5 Rc8 36. Qb6 Nd4 37. Qxd4 Rxc7 38. Qb6 Nc8 39. Qxa5 Rfe7 40. Bd3 Qd4 41. h3 Qc5 42. Qc3 Re6 43. Bf1 Nb6 44. Rd4 Nd7 45. Rd5 Qa7 46. Qb4 Ne5 47. b6 1-0

[Event "45th Olympiad 2024"]
[Site "Budapest HUN"]
[Date "2024.09.12"]
[Round "2.29"]
[Board "4"]
[White "Shirliyev, Allayar"]
[Black "Pidluznij, Gleb"]
[Result "0-1"]
[WhiteElo "2200"]
[BlackElo "2425"]
[PlyCount "104"]
[EventDate "2024.09.11"]
[WhiteTeam "Turkmenistan"]
[BlackTeam "Lithuania"]
[WhiteTeamCountry "TKM"]
[BlackTeamCountry "LTU"]

1. e4 e5 2. Nf3 Nc6 3. Bc4 Nf6 4. Ng5 d5 5. exd5 Na5 6. Bb5+ c6 7. dxc6 bxc6 8. Qf3 Be7 9. Bd3 O-O 10. Nc3 h6 11. Nge4 Nxe4 ({RR} 11... Nd5 12. Ng3 Nb4 13. Nf5 Nxd3+ 14. Qxd3 Bc5 15. Qxd8 Rxd8 16. g4 h5 17. h3 g6 18. Ne4 gxf5 19. Nxc5 e4 20. gxf5 Bxf5 21. b3 Rd5 22. Ba3 Rb8 23. Rg1+ Kh7 24. c4 Rdd8 25. Rg5 Bg6 26. Na6 {1-0 Fedoseev,V (2687)-Predke,A (2690) RUS-USA Collegiate rapid 2021 (4.1)}) ({RR} 11... Nd5 12. Ng3 Nf4 13. Bf5 Ba6 14. d3 g6 15. Be4 Qd6 16. Qd1 f5 17. Bf3 g5 18. h3 g4 19. hxg4 fxg4 20. Be4 Bg5 21. Qxg4 Bc8 22. Qd1 Qd4 23. O-O Be6 24. Be3 Qd7 25. Bf3 Nb7 26. Nce4 {1-0 Pranesh,M (2538)-Ladan,N (2197) Titled Tue 6th Feb Early 2024 (1)}) 12. Qxe4 f5 13. Qe2 $146 ({RR} 13. Qxe5 Nb7 14. O-O Bd6 15. Qe2 Nc5 16. Bc4+ Kh8 17. d4 Ne4 18. Nxe4 fxe4 19. Qxe4 Bf5 20. Qxc6 Rc8 21. Qd5 Qc7 22. Bb3 Bxh2+ 23. Kh1 Bd6 24. Be3 Qe7 25. Kg1 Be4 26. Qh5 Rf5 27. Qh3 Rcf8 {1-0 Green,A (2154)-Mogirzan,M (1813) Titled Tuesday intern op 30th June blitz 2020 (9)}) ({RR} 13. Qxe5 Bd6 14. Qd4 Rb8 15. Bc4+ Kh8 16. b3 Rb7 17. Bb2 c5 18. Qd3 Nxc4 19. Qxc4 Rb4 20. Qf1 Re8+ 21. Kd1 Bf4 22. d3 Ba6 23. h4 Rd4 24. Rh3 c4 25. bxc4 Bxc4 26. a4 Qa5 27. Rf3 Rb8 {0-1 Borisovsky,D (2297)-Duzhakov,I (2441) Riga Tech op 8th 2018 (5)}) 13... Bd6 14. b3 c5 15. Bc4+ Nxc4 16. Qxc4+ Kh7 17. Bb2 Bb7 18. Rg1 e4 19. g3 Be5 20. O-O-O Bd4 21. Rgf1 Qf6 22. Qa4 Ba6 23. Rh1 Rfd8 24. h4 Qb6 25. Rh2 Rd6 26. Re1 Rad8 27. Qa3 c4 28. Na4 Bxb2+ 29. Qxb2 Qb4 30. c3 Qa5 31. f4 exf3 32. Qa3 Rg6 33. Qc5 Qxc5 34. Nxc5 cxb3 35. axb3 Be2 36. Rg1 h5 37. d4 f4 38. Ne4 Rg4 39. Rxe2 fxe2 40. Kd2 fxg3 41. Ng5+ Rxg5 42. hxg5 Re8 43. Ke1 h4 44. Rh1 Re4 45. Rg1 Kg6 46. d5 Kxg5 47. d6 Re6 48. d7 Rd6 49. Kxe2 Rxd7 50. Rc1 Kg4 51. Kf1 h3 52. c4 h2 0-1

[Event "45th Olympiad 2024"]
[Site "Budapest HUN"]
[Date "2024.09.12"]
[Round "2.30"]
[Board "1"]
[White "Zambrana, Osvaldo"]
[Black "Bjerre, Jonas Buhl"]
[Result "0-1"]
[WhiteElo "2405"]
[BlackElo "2648"]
[PlyCount "86"]
[EventDate "2024.09.11"]
[WhiteTeam "Bolivia"]
[BlackTeam "Denmark"]
[WhiteTeamCountry "BOL"]
[BlackTeamCountry "DEN"]

1. e4 e5 2. Nf3 Nc6 3. Bc4 Bc5 4. O-O Nf6 5. d3 d6 6. c3 a6 7. a4 Ba7 8. Be3 Bxe3 9. fxe3 Ne7 10. Nbd2 Ng6 11. a5 O-O 12. Qe1 $146 ({RR} 12. Rf2 Qe7 13. Nf1 c6 14. Ng3 d5 15. Bb3 Be6 16. Nf5 Qd7 17. Ng5 Bxf5 18. exf5 Ne7 19. e4 Rad8 20. Qe2 Qc7 21. h3 c5 22. g4 h6 23. Nf3 c4 24. dxc4 dxe4 25. Nd2 Qc5 26. Re1 Nc6 {1-0 Remizov,Y (2443)-Kezin,R (2483) TCh-RUS Premier 2024 (6.2)}) ({RR} 12. Bb3 h6 13. Re1 Re8 14. Qc2 c6 15. Nc4 Be6 16. Nb6 Rb8 17. Bxe6 Rxe6 18. b4 Nd7 19. Nxd7 Qxd7 20. c4 d5 21. c5 Rd8 22. Rad1 Re7 23. Qe2 Qe6 24. exd5 Rxd5 25. Nd2 f5 26. Rf1 f4 {½-½ Kravtsiv,M (2677)-Sokolov,I (2603) EU-chT (Men) 21st 2017 (2.4)}) 12... c6 13. Ba2 d5 14. exd5 cxd5 15. e4 Be6 16. exd5 Bxd5 17. Bc4 Re8 18. Qd1 b5 19. Bxd5 Qxd5 20. Ne4 Nxe4 21. dxe4 Qxe4 22. Qb3 Ra7 23. Rae1 Qg4 24. Kh1 Rd7 25. Nd4 Nf4 26. Qc2 f6 27. Re3 Red8 28. Rg3 Qh5 29. h3 Qf7 30. Nf5 Qc4 31. Rf2 Nd3 32. Re2 g6 33. Rg4 Nf4 34. Rf2 Kh8 35. Nh6 Qe6 36. Rg3 f5 37. Kh2 Nd3 38. Rf1 e4 39. Qd2 f4 40. Rg5 Qe7 41. h4 Rf8 42. Qe2 Qg7 43. Ng4 h6 0-1

[Event "45th Olympiad 2024"]
[Site "Budapest HUN"]
[Date "2024.09.12"]
[Round "2.30"]
[Board "2"]
[White "Andersen, Mads"]
[Black "Gemy, Jose Daniel"]
[Result "1/2-1/2"]
[WhiteElo "2598"]
[BlackElo "2315"]
[PlyCount "187"]
[EventDate "2024.09.11"]
[WhiteTeam "Denmark"]
[BlackTeam "Bolivia"]
[WhiteTeamCountry "DEN"]
[BlackTeamCountry "BOL"]

1. e4 e5 2. Nf3 Nc6 3. Bb5 Nf6 4. d3 Bc5 5. Bxc6 dxc6 6. Nbd2 Be6 7. O-O Qd6 8. b3 Nd7 9. Ng5 f6 10. Nxe6 Qxe6 11. Nc4 Nb6 $146 ({RR} 11... O-O 12. Kh1 Rf7 13. Bd2 Bd6 14. Na5 Rb8 15. b4 Nf8 16. a3 Qd7 17. Be3 b6 18. Nc4 Ne6 19. c3 c5 20. Qb3 Bf8 21. Rfd1 Rd8 22. b5 Qe8 23. Rd2 g6 24. a4 Rfd7 25. Rad1 Bg7 26. a5 {0-1 Gabrielian,A (2589)-Khairullin,I (2632) RUS Cup final 2012 (1.2)}) ({RR} 11... O-O 12. Be3 a5 13. a4 b6 14. Qe2 Rae8 15. Rae1 Bb4 16. Bd2 Bxd2 17. Qxd2 c5 18. g3 Nb8 19. Ne3 Nc6 20. f4 Qd7 21. Qg2 Kf7 22. g4 Ke7 23. fxe5 fxe5 24. Qh3 Kd8 25. Qxh7 Nd4 26. Rxf8 {½-½ Vallejo Pons,F (2707)-Georgiev,K (2653) Catalunya-chT 2014 (5.4)}) 12. Na5 O-O-O 13. Qe1 g5 14. b4 Be7 15. a4 h5 16. Be3 f5 17. exf5 Qxf5 18. Bxb6 cxb6 19. Nc4 Rhe8 20. f3 g4 21. Rb1 gxf3 22. Rxf3 Qg4 23. Kh1 Bh4 24. Qf1 Bg5 25. Re1 e4 26. h3 Qd7 27. Rf7 Qd5 28. Rf5 Qg8 29. Rxe4 Rxe4 30. dxe4 Be7 31. c3 h4 32. Rf7 Rd1 33. Qxd1 Qxf7 34. Nd6+ Bxd6 35. Qxd6 Qf1+ 36. Kh2 Qe1 37. Qf8+ Kd7 38. Qf7+ Kd8 39. Qf8+ Kd7 40. Qf7+ Kd8 41. Qf4 Kd7 42. c4 a5 43. b5 Ke6 44. e5 Kd7 45. Qf7+ Kd8 46. Qf8+ Kc7 47. Qd6+ Kc8 48. Qf8+ Kc7 49. Qd6+ Kc8 50. e6 c5 51. Qf8+ Kc7 52. Qf4+ Kc8 53. Qf8+ Kc7 54. Qg7+ Kb8 55. e7 Ka7 56. Qg5 Qe4 57. Kg1 Qe1+ 58. Kh2 Qe4 59. e8=N Qxe8 60. Qxh4 Qe5+ 61. Qg3 Qd4 62. Qg4 Qe5+ 63. Qg3 Qd4 64. h4 Qxc4 65. h5 Qd5 66. Qg6 c4 67. h6 Qd3 68. Qxd3 cxd3 69. h7 d2 70. h8=Q d1=Q 71. Qh4 Qd6+ 72. g3 Qd2+ 73. Kh3 Qd7+ 74. Qg4 Qh7+ 75. Kg2 Qc2+ 76. Kf1 Qc1+ 77. Ke2 Qc2+ 78. Ke1 Qc1+ 79. Kf2 Qc2+ 80. Kg1 Qc1+ 81. Kg2 Qc2+ 82. Kh3 Qh7+ 83. Qh4 Qf5+ 84. Kg2 Qc2+ 85. Kf3 Qb3+ 86. Ke2 Qc2+ 87. Ke3 Qb3+ 88. Kd2 Qb2+ 89. Ke3 Qb3+ 90. Ke2 Qc2+ 91. Kf3 Qb3+ 92. Kg2 Qc2+ 93. Kh3 Qf5+ 94. Kg2 1/2-1/2

[Event "45th Olympiad 2024"]
[Site "Budapest HUN"]
[Date "2024.09.12"]
[Round "2.30"]
[Board "3"]
[White "Ticona Rocabado, Licael Roderick"]
[Black "Thybo, Jesper Sondergaard"]
[Result "1/2-1/2"]
[WhiteElo "2321"]
[BlackElo "2555"]
[PlyCount "93"]
[EventDate "2024.09.11"]
[WhiteTeam "Bolivia"]
[BlackTeam "Denmark"]
[WhiteTeamCountry "BOL"]
[BlackTeamCountry "DEN"]

1. d4 Nf6 2. c4 e6 3. Nf3 d5 4. e3 Be7 5. b3 O-O 6. Bd3 c5 7. O-O cxd4 8. exd4 b6 9. Nc3 ({RR} 9. Bb2 Bb7 10. Qe2 Re8 11. Nc3 Bf8 12. Rad1 Nc6 13. Rfe1 Rc8 14. h3 dxc4 15. bxc4 Nb4 16. Bb1 Bxf3 17. Qxf3 Rxc4 18. d5 exd5 19. Rxe8 Qxe8 20. a3 d4 21. axb4 dxc3 22. Bxc3 Ne4 23. Bd4 Nd6 {1-0 Eletskikh,A (2231)-Li,G (2363) 17th Arad Open 2024 (7.28)}) 9... Bb7 10. Bb2 Nc6 11. cxd5 $146 ({RR} 11. Re1 Nb4 12. Bf1 dxc4 13. bxc4 Bxf3 14. gxf3 Rc8 15. Ne4 Nc6 16. Rc1 Nxe4 17. fxe4 Bg5 18. Rc2 Bf4 19. Qg4 e5 20. d5 Nb4 21. Rc3 g6 22. Qe2 Na6 23. Ra3 {½-½ Franco Ocampos,Z (2517)-Korneev,O (2582) Elgoibar 20th 2010 (6)}) ({RR} 11. Re1 Nb4 12. Be2 Rc8 13. Ne5 dxc4 14. bxc4 Ne4 15. Nxe4 Bxe4 16. Bg4 Bc2 17. Qf3 f5 18. Bh5 Ba4 19. d5 exd5 20. Bf7+ Rxf7 21. Nxf7 Qf8 22. Qxf5 Re8 23. Nh6+ gxh6 24. Qg4+ Bg5 25. h4 Nd3 {0-1 Ostovic,M (2352)-Saric,A (2543) Pula op 32nd 2018 (9)}) 11... Nxd5 12. Nxd5 Qxd5 13. Bc4 Qf5 14. Ne5 Nxe5 15. dxe5 Qg5 16. g3 Rfd8 17. Qe2 Rd2 18. Bc1 Rad8 19. Ba6 Qf5 20. Bxd2 Bf3 21. Qe3 Bc5 22. Qf4 Rxd2 23. Qxf5 exf5 24. Bc4 g6 25. a4 a5 26. Rac1 Kf8 27. Rc3 Be4 28. e6 fxe6 29. Bxe6 Bd3 30. Rxd3 Rxd3 31. Kh1 Rd2 32. f4 Ke7 33. Bg8 Kf6 34. Bc4 h6 35. Re1 g5 36. Re6+ Kg7 37. h4 gxf4 38. gxf4 Rf2 39. h5 Rxf4 40. Rg6+ Kh7 41. Kg2 Rh4 42. Be2 Rf4 43. Bd3 Rf2+ 44. Kg3 f4+ 45. Kg4 Rg2+ 46. Kxf4 Rxg6 47. Bxg6+ 1/2-1/2

[Event "45th Olympiad 2024"]
[Site "Budapest HUN"]
[Date "2024.09.12"]
[Round "2.30"]
[Board "4"]
[White "Olsen, Filip Boe"]
[Black "Pinto, Daniel"]
[Result "1/2-1/2"]
[WhiteElo "2441"]
[BlackElo "2273"]
[PlyCount "114"]
[EventDate "2024.09.11"]
[WhiteTeam "Denmark"]
[BlackTeam "Bolivia"]
[WhiteTeamCountry "DEN"]
[BlackTeamCountry "BOL"]

1. d4 Nf6 2. c4 c6 3. Nf3 d5 4. e3 Bf5 5. Bd3 Bxd3 6. Qxd3 dxc4 ({RR} 6... e6 7. Nbd2 Nbd7 8. O-O Bd6 9. e4 dxe4 10. Nxe4 Nxe4 11. Qxe4 h6 12. Rd1 O-O 13. Bd2 Qe7 14. Bc3 Bb4 15. Rac1 Rfd8 16. h3 Rac8 17. Qe2 Re8 18. a3 Bd6 19. Ne5 Red8 20. Rd3 b5 21. Ba5 {½-½ Grachev,B (2672)-Inarkiev,E (2666) Vladivostok Primorsky Debut 2014 (7)}) ({RR} 6... e6 7. Bd2 Nbd7 8. O-O Bd6 9. Nc3 O-O 10. e4 dxe4 11. Nxe4 Nxe4 12. Qxe4 h6 13. Bc3 Qc7 14. Rad1 Rae8 15. Rfe1 b5 16. b3 Nf6 17. Qh4 Be7 18. Qh3 c5 19. cxb5 Nd5 20. Ba1 c4 21. bxc4 {0-1 Stevik,P (2281)-Wafa,H (2356) Titled Tue 23rd Jul Early 2024 (11)}) 7. Qxc4 Qa5+ $146 ({RR} 7... e6 8. Nc3 Be7 9. O-O O-O 10. e4 Nbd7 11. Bg5 h6 12. Bh4 Nb6 13. Qe2 Nfd7 14. Bg3 Bb4 15. a3 Bxc3 16. bxc3 Qe7 17. a4 a5 18. Rfb1 Rfc8 19. Ne5 Ra6 20. Nc4 Nxc4 21. Qxc4 Nb6 22. Qd3 {1-0 Petrovs,V-Reshevsky,S Semmering und Baden bei Wien 1937 (8)}) ({RR} 7... e6 8. O-O Qd5 9. Qe2 Nbd7 10. Nc3 Qh5 11. e4 Be7 12. b3 O-O 13. Bb2 Rfe8 14. Rfd1 Rad8 15. Rac1 Nb6 16. a4 Bb4 17. Rd3 Nbd7 18. Na2 Bf8 19. b4 a6 20. Rb3 Qg4 21. Nc3 h5 22. h3 {½-½ Bandlow,M (1971)-Prix,S (1800) Berlin Lichtenberger op 11th 2012 (9)}) 8. Nc3 Qa6 9. Ne5 e6 10. a3 Be7 11. b4 O-O 12. O-O Qxc4 13. Nxc4 b6 14. e4 Nbd7 15. Bf4 c5 16. dxc5 bxc5 17. b5 Nh5 18. Rfd1 Nb6 19. Nxb6 axb6 20. Bd6 Bxd6 21. Rxd6 Rfb8 22. a4 Nf6 23. f3 Kf8 24. Rad1 Rb7 25. Rd8+ Rxd8 26. Rxd8+ Ke7 27. Ra8 Nd7 28. f4 h6 29. Kf1 g5 30. g3 Kf6 31. Ke2 gxf4 32. gxf4 Rc7 33. Ra6 Kg6 34. Kd3 Kh5 35. e5 Kg4 36. Ke3 c4 37. Ra8 f6 38. Rg8+ Kh3 39. Rg6 fxe5 40. Rxh6+ Kg4 41. fxe5 Nc5 42. Rf6 Kh3 43. Rf4 Nd3 44. Rd4 Nxe5 45. Rd6 Rd7 46. Rxe6 Rd3+ 47. Ke4 Nf3 48. Rh6+ Kg4 49. Rxb6 Rd4+ 50. Ke3 Rd3+ 51. Ke4 Rxc3 52. Rg6+ Ng5+ 53. Kd4 Rc1 54. b6 Kf5 55. b7 Rb1 56. Rg8 Rxb7 57. Kxc4 Ne6 1/2-1/2

[Event "45th Olympiad 2024"]
[Site "Budapest HUN"]
[Date "2024.09.12"]
[Round "2.31"]
[Board "2"]
[White "Al Hosani, Omran"]
[Black "Horvath, Dominik"]
[Result "1/2-1/2"]
[WhiteElo "2241"]
[BlackElo "2559"]
[PlyCount "73"]
[EventDate "2024.09.11"]
[WhiteTeam "United Arab Emirates"]
[BlackTeam "Austria"]
[WhiteTeamCountry "UAE"]
[BlackTeamCountry "AUT"]

1. d4 Nf6 2. c4 g6 3. Nc3 d5 4. cxd5 Nxd5 5. e4 Nxc3 6. bxc3 Bg7 7. Nf3 c5 8. Rb1 O-O 9. Be2 cxd4 10. cxd4 Qa5+ 11. Bd2 Qxa2 12. O-O b6 13. Qc1 Qe6 14. Bc4 Qxe4 15. Bxf7+ Rxf7 16. Qxc8+ Rf8 17. Qc4+ e6 18. Rb5 Re8 $146 ({RR} 18... Qc6 19. Qb3 Na6 20. Rc1 Qd7 21. Ne5 Bxe5 22. Rxe5 Nc7 23. Qg3 Rf7 24. h4 Kh8 25. h5 Rg8 26. Bf4 Qxd4 27. Re4 Qxe4 28. Be5+ Rgg7 29. h6 Kg8 30. hxg7 Ne8 31. Rc8 Qa4 32. Qd3 Rf5 33. Qd6 {½-½ Toshkov,T (2420)-Kirov,N (2435) Albena-17 1985 (4)}) ({RR} 18... Qc6 19. Qb3 Na6 20. Rc1 Qd7 21. Ne5 Bxe5 22. Rxe5 Nc7 23. Bh6 Qxd4 24. Qg3 Rf6 {½-½ Nemet,I (2390)-Kouatly,B (2430) Horgen 1986}) 19. h4 Nd7 20. Re1 Rac8 21. Qf1 Qc6 22. Rc1 Qd6 23. h5 Bxd4 24. hxg6 hxg6 25. Rd1 Bg7 26. Bb4 Qc6 27. Rg5 Nf8 28. Bxf8 Kxf8 29. Rxg6 Red8 30. Re1 Qc4 31. Ng5 Qxf1+ 32. Kxf1 Bc3 33. Rexe6 Rd1+ 34. Ke2 Re1+ 35. Kd3 Rxe6 36. Rxe6 b5 37. Ke4 1/2-1/2

[Event "45th Olympiad 2024"]
[Site "Budapest HUN"]
[Date "2024.09.12"]
[Round "2.31"]
[Board "3"]
[White "Blohberger, Felix"]
[Black "Ammar, Sedrani"]
[Result "1-0"]
[WhiteElo "2520"]
[BlackElo "2226"]
[PlyCount "115"]
[EventDate "2024.09.11"]
[WhiteTeam "Austria"]
[BlackTeam "United Arab Emirates"]
[WhiteTeamCountry "AUT"]
[BlackTeamCountry "UAE"]

1. Nf3 d5 2. g3 Nf6 3. Bg2 e6 4. O-O Be7 5. c4 O-O 6. b3 b6 7. Bb2 Bb7 8. cxd5 exd5 9. d4 Re8 10. Nc3 Nbd7 11. Rc1 a6 12. e3 Bd6 13. Ne2 ({RR} 13. Ne1 Ne4 14. Nd3 Nxc3 15. Rxc3 Qe7 16. b4 Nf6 17. Qb3 a5 18. a3 Ne4 19. Rc2 a4 20. Qa2 Ba6 21. Rd1 Bc4 22. Rxc4 dxc4 23. Qxc4 Rad8 24. Qc2 c5 25. bxc5 bxc5 26. Qxa4 cxd4 27. Qxd4 Nf6 {½-½ Shankland,S (2713)-Abdusattorov,N (2598) Biel rapid 52nd 2019 (3)}) ({RR} 13. Re1 Nf8 14. Re2 Ng6 15. Rec2 h5 16. Ne2 Rc8 17. Nf4 Nxf4 18. exf4 Ne4 19. Ne5 h4 20. Qh5 Qe7 21. Re2 hxg3 22. hxg3 a5 23. Bxe4 dxe4 24. f3 g6 25. Qh6 Qf8 26. Qxf8+ Bxf8 27. fxe4 f6 {1-0 Sjugirov,S (2695)-Materia,M (2430) Titled Tue 23rd Jan Early 2024 (9)}) 13... c6 $146 ({RR} 13... Qe7 14. Nf4 Rad8 15. Re1 Ne4 16. Re2 Ndf6 17. Ne5 c5 18. Rec2 Rc8 19. Ng4 Nxg4 20. Qxg4 c4 21. bxc4 dxc4 22. Nh5 f5 23. Qxf5 Rf8 24. Qg4 Bd5 25. Bxe4 Bxe4 26. Nxg7 Bf3 27. Qe6+ Qxe6 28. Nxe6 {1-0 Artemiev,V (2706)-Tarjan,J (2404) Douglas IoM op 2018 (1)}) ({RR} 13... Ne4 14. Nf4 a5 15. a4 Qe7 16. Re1 Rad8 17. Re2 Nb8 18. Nd3 Na6 19. Nh4 Bc8 20. Rec2 c5 21. Qh5 Qe6 22. Rd1 c4 23. bxc4 dxc4 24. Ne5 Bxe5 25. Bxe4 g6 26. Qf3 Bg7 27. Bc6 Bd7 28. Bxd7 {½-½ Banusz,T (2606)-Zumsande,M (2490) Bundesliga 1819 2018 (15.8)}) 14. Nf4 Qc7 15. Rc2 Rad8 16. Qc1 Qb8 17. Nd3 Ne4 18. Rd1 Qa8 19. Nfe5 Nxe5 20. dxe5 Bf8 21. f3 Ng5 22. h4 Ne6 23. f4 c5 24. f5 Nc7 25. Nf4 d4 26. exd4 Bxg2 27. Rxg2 Nd5 28. Kh2 cxd4 29. Bxd4 Nxf4 30. Qxf4 Rd5 31. Rf1 Bc5 32. Bb2 Qd8 33. e6 f6 34. b4 Be7 35. Rff2 Qd6 36. a3 Qxf4 37. Rxf4 Red8 38. h5 b5 39. Rf3 Kf8 40. Rgf2 Rc8 41. Kg2 h6 42. Rc3 Rxc3 43. Bxc3 Ke8 44. g4 Rd3 45. Rf3 Rd1 46. Kf2 Bd8 47. Rg3 Rb1 48. Ke2 Rc1 49. Bd4 Rc2+ 50. Kd3 Ra2 51. Ke4 Re2+ 52. Re3 Rg2 53. Bc5 Rxg4+ 54. Kd5 Be7 55. Kc6 Rg5 56. Rd3 Rxf5 57. Rd7 Bxc5 58. bxc5 1-0

[Event "45th Olympiad 2024"]
[Site "Budapest HUN"]
[Date "2024.09.12"]
[Round "2.31"]
[Board "4"]
[White "Ahmed, Fareed"]
[Black "Baidetskyi, Valentin"]
[Result "1/2-1/2"]
[WhiteElo "2061"]
[BlackElo "2512"]
[PlyCount "193"]
[EventDate "2024.09.11"]
[WhiteTeam "United Arab Emirates"]
[BlackTeam "Austria"]
[WhiteTeamCountry "UAE"]
[BlackTeamCountry "AUT"]

1. e4 e5 2. Nf3 Nc6 3. Bb5 a6 4. Ba4 Nf6 5. O-O d6 6. Re1 Bd7 7. c3 g6 8. d4 Bg7 9. dxe5 Nxe5 10. Nxe5 dxe5 11. Bg5 b5 12. Bb3 h6 13. Bh4 O-O 14. Nd2 ({RR} 14. a4 Qe7 15. axb5 axb5 16. Rxa8 Rxa8 17. Nd2 Kh7 18. Nf1 Rd8 19. Qe2 c6 20. Rd1 Ra8 21. Ne3 Be6 22. Qc2 Kg8 23. h3 Bxb3 24. Qxb3 g5 25. Nf5 Qe8 26. Nd6 Qe6 27. Qxe6 fxe6 28. Bg3 Rd8 {½-½ Harikrishna,P (2717)-Nakamura,H (2736) Wch Blitz Warsaw 2021 (6)}) 14... Qe8 $146 ({RR} 14... Qc8 15. Nf1 Be6 16. Bxf6 Bxf6 17. Ne3 c6 18. Qd6 Re8 19. Rad1 h5 20. Bxe6 Rxe6 21. Qd7 Re7 22. Qxc8+ Rxc8 23. Rd6 Bg5 24. Red1 Rec7 25. Kf1 Kf8 26. Rd7 Ke8 27. Rxc7 Rxc7 28. Ke2 Ke7 29. Nc2 {½-½ Bezzubenkov,S (2200)-Pridorozhni,A (2597) Cheliabinsk Panchenko Memorial op-A 2020 (1)}) ({RR} 14... Qe7 15. Qe2 g5 16. Bg3 c5 17. Nf1 c4 18. Bc2 h5 19. h4 Ng4 20. hxg5 Qxg5 21. Rad1 Be6 22. Nd2 Qe7 23. Nf3 Bf6 24. Nh2 Qc5 25. Kh1 Kg7 26. Nxg4 hxg4 27. Qe3 Qe7 28. Kg1 Rh8 29. Qb6 {½-½ Brzezina,P (2346)-Baum,J (2404) 100th Ann. Silesian Chess 2024 (7.14)}) ({RR} 14... Qe7 15. Qe2 Qc5 16. Nf1 Bc6 17. Bc2 Nh5 18. Qe3 Qxe3 19. Nxe3 Bf6 20. Bxf6 Nxf6 21. f3 Rfd8 22. Kf2 Kf8 23. Red1 Ke7 24. a4 Rxd1 25. Bxd1 Nd7 26. b4 f6 27. c4 bxc4 28. Rc1 Rb8 29. Rxc4 {1-0 Gadimbayli,A (2507)-Costa,L (2364) 23rd ch-EUR Indiv 2023 (6.78)}) 15. Nf1 Be6 16. f3 Nd7 17. Ne3 Rc8 18. Bxe6 Qxe6 19. Qb3 Rfe8 20. Red1 Nc5 21. Qxe6 Rxe6 22. Rd2 Bf8 23. Rad1 c6 24. b3 h5 25. Kf1 Ree8 26. Bf6 Re6 27. Bh4 f6 28. Rd8 Rxd8 29. Rxd8 Kf7 30. Ke2 Be7 31. Rd1 Ke8 32. Bf2 Bf8 33. Nc2 Nb7 34. Nb4 a5 35. Nd3 f5 36. Re1 Bd6 37. Kd2 Kf7 38. exf5 gxf5 39. Bg3 e4 40. Nf4 Rh6 41. Nh3 exf3 42. gxf3 Be7 43. Bf4 Rg6 44. Rg1 Rxg1 45. Nxg1 Nc5 46. Ne2 Ne6 47. Be5 Bg5+ 48. f4 Bd8 49. Ke3 Bb6+ 50. Nd4 Ke7 51. Kd3 Bxd4 52. cxd4 Kd7 53. a4 Nc7 54. Ke3 Nd5+ 55. Kf3 Ke6 56. Kg3 Kf7 57. Kh4 Kg6 58. Bd6 Kh6 59. Bf8+ Kg6 60. Bd6 bxa4 61. bxa4 Nb6 62. Bc7 Nxa4 63. Bxa5 Nb2 64. Bc7 Nd1 65. Bd6 Nc3 66. Bc7 Nd5 67. Be5 Ne3 68. Bc7 Nf1 69. h3 Nd2 70. Be5 Nc4 71. Kg3 Nb6 72. Kh4 Nd5 73. Kg3 Nc3 74. Kf3 Ne4 75. Ke3 Kf7 76. Bb8 Ke6 77. Be5 Kd5 78. Bg7 Kc4 79. Be5 Kd5 80. Bg7 Kc4 81. Be5 Nc3 82. Kf3 Ne4 83. Ke3 Nc3 84. Kf3 Kd3 85. Kg3 Ne2+ 86. Kh4 Ng1 87. Kg5 Nxh3+ 88. Kxf5 Ke3 89. Kg6 Nxf4+ 90. Kg5 Ne6+ 91. Kxh5 Nxd4 92. Bd6 Nf5 93. Bc5+ Ke4 94. Kg4 Kd5 95. Ba7 Nd6 96. Kf3 c5 97. Bxc5 1/2-1/2

[Event "45th Olympiad 2024"]
[Site "Budapest HUN"]
[Date "2024.09.12"]
[Round "2.32"]
[Board "1"]
[White "Duran Vega, Sergio"]
[Black "Mchedlishvili, Mikheil"]
[Result "0-1"]
[WhiteElo "2308"]
[BlackElo "2574"]
[PlyCount "72"]
[EventDate "2024.09.11"]
[WhiteTeam "Costa Rica"]
[BlackTeam "Georgia"]
[WhiteTeamCountry "CRI"]
[BlackTeamCountry "GEO"]

1. c4 {Heinicke,Herbert} e5 2. g3 Nf6 3. Bg2 d5 4. cxd5 Nxd5 5. Nf3 Nc6 6. O-O Nb6 7. Nc3 Be7 8. d3 O-O 9. Be3 Bg4 10. a4 ({RR} 10. h3) 10... a5 11. Rc1 ({RR} 11. Nd2 Rb8 12. Bxb6 cxb6 13. Nc4 Be6 14. Bxc6 Bxc4 15. Bb5 Be6 16. Bc4 Bg4 17. Qb3 Bb4 18. Rfc1 h5 19. Rc2 h4 20. Ne4 Rc8 21. Rac1 Rc7 22. Kg2 Bf5 23. f3 h3+ 24. Kf2 Rd7 25. e3 Kh8 {0-1 Malakhatko,V (2603)-Mikhalevski,V (2584) Calvia op 4th 2007 (7)}) ({RR} 11. Nd2 Be6 12. Bxb6 cxb6 13. Nc4 f6 14. b3 Bc5 15. Rb1 Rc8 16. Ne4 Bb4 17. f4 exf4 18. gxf4 Ne7 19. Ng3 Nd5 20. Bxd5 Qxd5 21. f5 Bc5+ 22. e3 Bd7 23. d4 Bc6 24. Rf2 b5 25. axb5 Bxb5 {1-0 Chelushkina,I (2261)-Blagojevic,T (2249) SRB-ch (Women) 12th 2018 (2)}) 11... Bb4 $146 ({RR} 11... f6 12. Qb3+ Kh8 13. Nb5 Nd5 14. Bc5 Ndb4 15. Qc4 Bh5 16. Qh4 Bf7 17. d4 Bxc5 18. Rxc5 Qe7 19. Rc3 Nd5 20. Ra3 e4 21. Nd2 f5 22. Qxe7 Ncxe7 23. Rc1 Rfd8 24. Nc4 Nc6 25. f3 exf3 26. Bxf3 {1-0 Heinicke,H-Rellstab,L Match/City Berlin-Hamburg 6-4 1937 (1.1)}) ({RR} 11... Rc8 12. Nb5 Nd5 13. Bc5 Bxc5 14. Rxc5 Bxf3 15. Bxf3 Ndb4 16. Qc1 Qd7 17. Qe3 Rfe8 18. Rfc1 f6 19. R5c4 Ra8 20. Qe4 g6 21. h4 Kg7 22. Qg4 f5 23. Qg5 h6 24. Qd2 Rad8 25. Qe3 Ra8 26. h5 {1-0 Szabo,L-Pirc,V Christmas Congress 1938/39-19 Premier (6)}) 12. Nb5 Nd5 13. Bc5 Re8 14. Nd2 Bxc5 15. Bxd5 Qxd5 16. Nxc7 Qd7 17. Nxe8 Bb4 18. Nxg7 Kxg7 19. f3 Be6 20. Kh1 Rd8 21. Ne4 Qe7 22. g4 Nd4 23. Rg1 Bd5 24. Ng3 Qg5 25. Qf1 Kh8 26. Ne4 Qe3 27. Rg2 Ne6 28. Ng3 Qg5 29. Nf5 Bc6 30. h4 Qf6 31. Rh2 Nd4 32. Ng3 Qf4 33. Ne4 f5 34. gxf5 Nxf5 35. Rxc6 bxc6 36. Rg2 Ne3 0-1